000 00379nam a2200145Ia 4500
008 230917s9999||||xx |||||||||||||| ||und||
040 _e205600
_aMAIN
041 _aEnglish
082 _a363.2502373 C144O
100 _aCamenson, Blythe
245 0 _aOpportunities in forensic science careers
260 _aNew Delhi
_bMcGraw-Hill
_c2008
300 _axv, 171 p.
942 _cBK
999 _c173285
_d173285